|
|
|
|
| LEADER |
02406nam a2200541 i 4500 |
| 001 |
nkc20223439629 |
| 003 |
CZ PrNK |
| 005 |
20220921091904.0 |
| 007 |
ta |
| 008 |
220802t20222022xr a f 101 0 eng |
| 015 |
|
|
|a cnb003439629
|
| 020 |
|
|
|a 978-80-85009-95-8
|q (brožováno)
|
| 035 |
|
|
|a (OCoLC)1347066213
|
| 040 |
|
|
|a BOA001
|b cze
|e rda
|
| 072 |
|
7 |
|a 544
|x Fyzikální chemie
|2 Konspekt
|9 10
|
| 080 |
|
|
|a 544.777
|2 MRF
|
| 080 |
|
|
|a (062.534)
|2 MRF
|
| 080 |
|
|
|a (048.3)
|2 MRF
|
| 111 |
2 |
|
|a Frontiers of Polymer Colloids (sympozium)
|d (2022 :
|c Praha, Česko)
|7 mzk20221160618
|4 aut
|
| 245 |
1 |
0 |
|a Frontiers of Polymer Colloids :
|b from synthesis to macro-scale and nano-scale applications : 24-28 July 2022, Prague : book of abstracts : 84th Prague Meeting on Macromolecules
|
| 246 |
3 |
|
|a PMM
|
| 246 |
3 |
0 |
|a 84th Prague Meeting on Macromolecules
|
| 246 |
3 |
0 |
|a Prague Meeting on Macromolecules
|
| 264 |
|
1 |
|a Prague :
|b Institute of Macromolecular Chemistry, Czech Academy of Sciences (IMC),
|c [2022]
|
| 264 |
|
4 |
|c ©2022
|
| 300 |
|
|
|a 149 stran :
|b ilustrace ;
|c 21 cm
|
| 336 |
|
|
|a text
|b txt
|2 rdacontent
|
| 337 |
|
|
|a bez média
|b n
|2 rdamedia
|
| 338 |
|
|
|a svazek
|b nc
|2 rdacarrier
|
| 500 |
|
|
|a Nad názvem: Institute of Macromolecular Chemistry, Czech Academy of Sciences, International Polymer Colloid Group, International Union of Pure and Applied Chemistry, European Polymer Federation
|
| 504 |
|
|
|a Obsahuje bibliografické odkazy a rejstřík
|
| 650 |
0 |
7 |
|a polymerní koloidy
|7 ph578606
|2 czenas
|
| 650 |
0 |
9 |
|a polymer colloids
|2 eczenas
|
| 655 |
|
7 |
|a sborníky konferencí
|7 fd133333
|2 czenas
|
| 655 |
|
7 |
|a abstrakta
|7 fd131780
|2 czenas
|
| 655 |
|
9 |
|a proceedings of conferences
|2 eczenas
|
| 655 |
|
9 |
|a abstracts
|2 eczenas
|
| 710 |
2 |
|
|a Ústav makromolekulární chemie (Akademie věd ČR)
|7 kn20030303006
|4 orm
|4 isb
|
| 710 |
2 |
|
|a International Polymer Colloid Group
|7 mzk20221160628
|4 orm
|
| 710 |
2 |
|
|a Mezinárodní unie pro čistou a užitou chemii
|7 kn20010724320
|4 orm
|
| 710 |
2 |
|
|a European Polymer Federation
|7 kn20021011027
|4 orm
|
| 711 |
2 |
|
|a Prague Meetings on Macromolecules
|7 ko2005304110
|4 aut
|
| 910 |
2 |
|
|a BOA001
|b 2-1491.720
|
| 928 |
9 |
|
|a Ústav makromolekulární chemie Akademie věd České republiky
|
| 990 |
|
|
|a BK
|
| 995 |
|
|
|a 01
|
| 991 |
|
|
|b 202208
|c NOV
|
| 996 |
6 |
|
|b 2610912427
|c 2-1491.720
|l MZK
|r Sklad / do 1 hodiny
|n 0
|p p.v.
|w 001897054
|u 000010
|a 1
|e BOA001
|j MZK50
|s P
|